000 00895nam a2200241 4500
001 108913
003 ES-MaACL
005 20250829130333.0
007 t|
008 061121m19621963sp r ||||1| spa d
100 1 _aMoor , Paul.
_9185577
245 1 0 _aPsico-pedagogía terapéutica /
_cMoor Paul ; versión española del Dr. Agustín Serrate.
260 _aMadrid :
_bMorata,
_c1962-1963.
300 _a2 v. ;
_c23 cm.
490 1 _aFilosofía, psicología, pedagogía
505 8 _aContiene: 1. Síntesis aplicativa de las modernas corrientes psicológicas (383 p.) -- 2. Los trastornos del desarrollo (533 p.)
650 7 _aPedagogía terapéutica
_2embne
_915909
650 4 _aPsicoterapia.
_916579
700 1 _aSerrate Torrente, Agustín.
_9105823
830 1 0 _aFilosofía, psicología, pedagogía
_9181408
852 4 _aES-MaACL
_jE-4148-49
999 _c108913
_d108913